Google What's The Difference? -FOOD- - Statistics

General Stats
  • This quiz has been taken 794 times
  • The average score is 6 of 10
Answer Stats
Item Answer % Correct
Pepsi Coke
91%
Cupcake Muffin
85%
Jam Jelly
84%
Baking Powder Baking Soda
79%
Plantain Banana
77%
Sweet Potato Yam
70%
Bagel Donut
57%
Caramel Butterscotch
42%
Ice Cream Frozen Yogurt
23%
Ham Turkey
22%
No matching quizzes found
Score Distribution
Percent of People with Each Score
Percentile by Number Answered
Your Score History
You have not taken this quiz